V Levoči chcú stavať mestské nájomné byty Mesto si berie štvrťmiliónový úver

Bibliographic Details
Main Author: Šimoňáková, Mária, 1978- (Author)
Format: Article
Language:Slovak
PhysicalDescription:Fotografie
ISSN:2585-7355
Subjects:

MARC

LEADER 00000nab a2200000 4500
001 vtls011976622
003 SK-MaSNL
005 20260303095542.0
008 200625|20200205xo |||||||| ||00 |slo
040 |a SNSK  |b slo  |e rda 
041 0 |a slo 
043 |a e-xo--- 
044 |a xo  |c SK 
072 7 |a 72  |x Architektúra  |2 konspekt 
080 |a 728.1/.3  |2 2011 
080 |a 574  |2 2011 
080 |a 336.77  |2 2011 
100 1 |a Šimoňáková, Mária,  |d 1978-  |4 aut  |9 115064 
245 1 0 |a V Levoči chcú stavať mestské nájomné byty  |b Mesto si berie štvrťmiliónový úver  |c Mária Šimoňáková ; foto ŠIM 
300 |b Fotografie 
336 |a text  |b txt  |2 rdacontent 
337 |a bez média  |b n  |2 rdamedia 
338 |a zväzok  |b nc  |2 rdacarrier 
650 0 7 |a bytová výstavba  |2 SNKPH  |9 3036 
650 0 7 |a ekológia  |2 SNKPH  |9 785 
650 0 7 |a úvery  |2 SNKPH  |9 2375 
651 7 |a Levoča (Slovensko)  |2 SNKPHgeo  |9 26696 
655 7 |a správy  |2 SNKPH  |9 70563 
773 0 |t Korzár  |g Roč. XXIII., č. 29 (5.2.2020), s. 12  |x 2585-7355 
958 |a RG 
999 |c 1825539  |d 1827469